Statistiques concernant Villes de Grèce par indicatifs (3 chiffres)

Cliquez ici pour prendre le quiz!

Statistiques générales

  • Ce quiz a été pris 11 fois
    (9 depuis la dernière actualisation)
  • Le résultat moyen est 12 sur 50

Statistiques - réponses

Numéros d'indicatifsvilles% Correct
210Athènes
100%
231Thessalonique
100%
281Heraklion
75%
261Patras
63%
224Rhodes
63%
273Sparte
63%
242Volos
63%
274Corinthe
50%
241Larissa
50%
265Ioannina
38%
272Kalamata
38%
251Kavala
38%
223Lamia
38%
243Trikala
38%
271Tripoli
38%
254Xanthi
38%
264Agrinio
25%
275Argos
25%
222Chalcis
25%
266Corfou
25%
235Katerini
25%
246Kozani
25%
225Mytilène
25%
262Pyrgos
25%
283Réthymno
25%
232Serres
25%
284Agios Nikolaos
13%
255Alexandroupoli
13%
282Chania
13%
227Chios
13%
238Edessa
13%
244Karditsa
13%
253Komotini
13%
226Livadia
13%
269Aigion
0%
267Argostoli
0%
289Arkalochori
0%
268Arta
0%
239Chalkidona
0%
259Chrysoupoli
0%
252Drama
0%
249Farsala
0%
234Kilkis
0%
276Kyparissia
0%
229Lagonissi
0%
279Megalopoli
0%
263Missolonghi
0%
237Polygyros
0%
228Syros
0%
233Veria
0%

Distribution des résultats

Percentile par nombre de réponses

% des personnes avec chaque résultat

Votre développement - résultats

Vous n’avez pas pris ce quiz depuis la dernière actualisation